000 00667nam a2200205 i 4500
001 19731
003 ES-MaACL
005 20230906152145.0
007 t|
008 021009s1968 sp ||||1| spa d
100 1 _aAbrams, John T.,
_918135
245 1 0 _aAvances en nutrición animal /
_cJ.T. Abrams ; traducido por Manuel Ocaña, Arsenio Fraile Orejero y Pascual López Lorenzo.
260 _aZaragoza :
_bAcribia,
_c[1968]
300 _aVIII, 303 p. ;
_c22 cm.
700 1 _aOcaña, Manuel.
_986457
700 1 _aFraile Ovejero, Arsenio.
_952113
700 1 _aLópez Lorenzo, Pascual.
_973738
852 _aES-MaACL
_jC-50470
_bR.66460
999 _c19731
_d19731